MARC

LEADER 00000nas a2200000 a 4500
001 ssj0009829
003 WaSeSS
005 20200512172242.0
006 m d
007 cr n
008 000630c19929999nyumr pss 0 a0eng c
010 |a  2013250507 
016 7 |a 2016750-7  |2 DE-600 
016 7 |a 012433723  |2 Uk 
022 |a 1573-2843  |l 1062-1024  |y 1062-1024 
035 |a (WaSeSS)ssj0009829 
040 |a F#A  |b eng  |c F#A  |d OCLCQ  |d OH1  |d MUQ  |d OCLCQ  |d NSD  |d AUD  |d CIT  |d OCLCQ  |d VPI  |d OCLCQ  |d BUF  |d COO  |d OCLCO  |d OCLCQ  |d OCLCO  |d OCLCF  |d OCLCO  |d OCLCQ  |d OCLCO  |d AU@  |d OCLCO  |d WYU  |d UKMGB  |d VT2  |d U3W  |d DLC  |d OCLCO  |d OCLCA  |d SFB  |d OCLCA  |d WaSeSS 
042 |a pcc 
050 0 0 |a RJ499.A1 
060 0 0 |a W1  |b JO583KH 
082 0 4 |a 618.92/89  |2 20 
130 0 |a Journal of child and family studies (Online) 
210 1 |a J. child fam. stud.  |b (Dordr., Online) 
222 0 |a Journal of child and family studies  |b (Dordrecht. Online) 
245 1 0 |a Journal of child and family studies  |h [electronic resource]. 
260 |a [New York, N.Y.] :  |b Kluwer Academic-Plenum-Human Sciences Press 
260 3 |3 Dec. 2004- :  |a [New York] :  |b Springer VS 
310 |a Monthly,  |b 2015- 
321 |a Quarterly,  |b 1992-2005 
321 |a Bimonthly,  |b 2006-2012 
321 |a Eight issues per year,  |b 2013-2014 
362 1 |a Began with: Vol. 1, no. 1 (Mar. 1992). 
500 |a Editor: Nirbhay N. Singh. 
506 |a License restrictions may limit access. 
588 |a Description based on: Vol. 9, no. 1 (2000); title from journal information screen (viewed June 6, 2000). 
588 |a Latest issue consulted: V. 28, issue 8 (Aug. 2019) (Springer Link, viewed Aug. 08, 2019). 
650 0 |a Child psychiatry  |v Periodicals. 
650 0 |a Families  |x Mental health  |v Periodicals. 
650 0 |a Child mental health  |v Periodicals. 
650 0 |a Families  |x Mental health services  |v Periodicals. 
650 0 |a Child mental health services  |v Periodicals. 
650 6 |a Enfants  |x Psychiatrie  |v Périodiques. 
650 6 |a Famille  |x Santé mentale  |v Périodiques. 
650 6 |a Enfants  |x Santé mentale  |v Périodiques. 
650 6 |a Famille  |x Santé mentale, Services de  |v Périodiques. 
650 6 |a Enfants  |x Santé mentale, Services de  |v Périodiques. 
650 7 |a Child mental health.  |2 fast  |0 (OCoLC)fst00854485 
650 7 |a Child mental health services.  |2 fast  |0 (OCoLC)fst00854491 
650 7 |a Child psychiatry.  |2 fast  |0 (OCoLC)fst00854531 
650 7 |a Families  |x Mental health.  |2 fast  |0 (OCoLC)fst01728902 
650 7 |a Families  |x Mental health services.  |2 fast  |0 (OCoLC)fst01728903 
650 2 |a Child Behavior Disorders. 
650 2 |a Psychology, Child. 
650 2 |a Community Mental Health Services. 
650 2 |a Family Therapy. 
655 0 |a Electronic journals. 
700 1 |a Singh, Nirbhay N. 
710 2 |a Springer VS. 
776 0 8 |i Print version:  |t Journal of child and family studies  |x 1062-1024  |w (DLC) 92643457  |w (OCoLC)25526090 
850 |a DLC 
856 4 0 |z Full text available from Research Library: 03/01/1997 to 1 year ago  |u https://search.proquest.com/publication/31319